000
00312nam a22001457a 4500
008
221017b ||||| |||| 00| 0 eng d
020
_a
21307699
041
_a
eng
080
_a
159.9
082
_a
159.9
100
_a
24.1
101
_a
PSI
245
_a
HUMAN PHYSIOLOGY
_c
LUTTERSCHMIDT W
942
_2
udc
_c
BK
999
_c
58588
_d
58588